000 00802nam a2200241Ia 4500
003 OSt
005 20220925221656.0
006 a|||||r|||| 00| 0
007 ta
008 220923b |||||||| |||| 00| 0 eng d
020 _a9780262028585
_c5341.60
037 _b1002, 13/03/2017, SELECTBOOK SERVICE SYNDICATE
_cGeneral Book
040 _aRTL
_cRTL
_beng
041 _2eng
_aeng
082 _aX:(B), Q5
100 _aSTIGUM Bernt P
_9122486
245 0 _aEconometrics in a formal science of economics
_b Theory and the measurement of economic relations
260 _aLondon
_bMIT Press
_c2015
300 _axi, 375p
_ccm.
650 _aEconomics
942 _hX:(B), Q5
_cGB
_2CC
999 _c575052
_d575052